000
00239nam a2200097Ia 4500
008
231212s2002 xx 000 0 und d
041
_a
eng
100
_a
Ramamrutham R.
245
_a
Strenght Of Material
260
_a
New Delhi
_b
Tata Mc
_c
2002
999
_c
970241
_d
970241